[Event "AUT-ch U08"]
[Site "Schladming"]
[Date "2012.06.08"]
[Round "1.4"]
[White "Stadler, Maximilian"]
[Black "Linhart, Clemens"]
[Result "1-0"]
[WhiteElo "966"]
[BlackElo "1141"]
[PlyCount "61"]
[EventDate "2012.06.08"]
[EventType "swiss"]
[EventRounds "7"]
[EventCountry "AUT"]
[SourceTitle "EXT 2024"]
[Source "ChessBase"]
[SourceDate "2023.10.10"]
[SourceVersion "1"]
[SourceVersionDate "2023.10.10"]
[SourceQuality "1"]

1. e4 e5 2. Nf3 Nf6 3. Nc3 Nc6 4. Bc4 Bc5 5. 0-0 0-0 6. b3 Re8 7. Bb2 d6 8. g3 Bg4 9. Be2 Nd4 10. Nxd4 exd4 11. Bxg4 dxc3 12. dxc3 Rxe4 13. Bf3 Re8 14. Bxb7 Rb8 15. Bg2 Qe7 16. Re1 Qd8 17. Rxe8+ Qxe8 18. c4 Ne4 19. Qg4 g6 20. Bxe4 f5 21. Bxf5 Qf8 22. Be6+ Qf7 23. Bxf7+ Kxf7 24. Re1 Re8 25. Rxe8 Kxe8 26. Qe6+ Kf8 27. Qd7 Bb6 28. Bg7+ Kg8 29. Qe7 h5 30. Bh6 h4 31. Qg7# 1-0